| 000 | 00452nam a2200169u 4500 | ||
|---|---|---|---|
| 001 | z9ilms b1181922 | ||
| 005 | 20160908123100.0 | ||
| 008 | 941012 | ||
| 020 | _a0801979102 | ||
| 040 | _ac f | ||
| 245 | 1 | 0 | _aChilton's import car manual, 1989 - 1993. |
| 260 |
_aChilton Book Co., 1992. _c1992. |
||
| 300 | _aunpaged. | ||
| 650 | 0 |
_aAutomobiles _xMaintenance and repair. _99647 |
|
| 907 | _a.b35483064 | ||
| 942 |
_2ddc _cNF |
||
| 999 |
_c28867 _d28867 |
||